000 01005nam a2200181Ia 4500
008 100920s9999 xx 000 0 und d
082 _b59650
_a500 0
100 _aसंपादक-गानला बापूसाहेब विट्ठल,पवार गणपतराव,ला बापू.वि,पुणेांजारी एम्र.सी.
245 _aसिध्दार्थ मोफत वाचनालय रौप्य महात्सव स्मरणिका.
260 _bगानला बापू वि,पुणे.
_c0
300 _a64
_bसाधी
365 _b0
520 _aस्मरणिका.
630 _aसिध्दार्थ मोफत वाचनालय रौप्य महात्सव स्मरणिका.
650 _aस्मरणिका.
730 _aसिध्दार्थ मोफत वाचनालय रौप्य महात्सव स्मरणिका.
942 _cBOOK
999 _c703039
_d703036